LEADER 01443nam a2200205 i 4500 001 000000168675 003 CaOOAMICUS 005 20080122000000.0 008 080122s1474 it u000 u lat u 013 $a146077 040 $aSeMil$bita 245 13$aDe censuris ; De sponsalibus et matrimonio. [con ] Paulus II, Bulla «Cum in omnibus iudiciis» ; Bulla «Cum detestabile scelus» ; Bulla «Etsi dominici» ; Pius II, Constitutio. 260 $aVenezia :$bGiovanni da Colonia e Johann Manthen,$c1474, 23 settembre. 300 $a16 x 22 ;$ccc. 134 ;$cgot. 500 $aH *1268 ; GW 2070 ; BMC V, 225 ; IGI I, 604. - Iniziali in rosso e blu ; mutilo delle prime due carte. - E' legato con : Platea, Franciscus de, Opus restitutionum ... - Legatura in pelle. - Descrizione da : Incunaboli e Cinquecentine della Biblioteca del Seminario di Milano / catalogo a cura di Ubaldo Valentini, Milano 1981. - Numero di catalogo : 8. 700 0 $aAntonino,$c.$0(OLS)http://semarc/name/12496 850 $aSeMil 852 $aSeMil$W1$xVenegono$y1$mFV.A III 12/1$j119699$B119699$CSeMilBibl$Z2$F130702 $86 996 $6245$aDe censuris ; De sponsalibus et matrimonio. [con ] Paulus II, Bulla «Cum in omnibus iudiciis» ; Bulla «Cum detestabile scelus» ; Bulla «Etsi dominici» ; Pius II, Constitutio$9(OLS)http://semarc/title/241296 996 $6260$aVenezia :$bGiovanni da Colonia e Johann Manthen$9(OLS)http://semarc/publisher/48786 LEADER 00976nam a2200217 i 4500 001 000000184910 003 CaOOAMICUS 005 20100121000000.0 008 100121s1938 it u000 u ita u 013 $a162896 040 $aSeMil$bita 100 0 $aIlarino : da Milano,$c.$0(OLS)http://semarc/name/6033 245 12$aL'ordine francescano attraverso i secoli :$bgeneralità storiche /$cPadre Ilarino Da Milano O. M. Cap. 260 $aSoresina :$bTipografia Mariani,$c1938. 300 $a79 p., [1] p. di ritratto ;$c25 cm. 500 $aContiene : Indicazioni bibliografiche generali. 650 4$aFrancescanesimo.$0(OLS)http://semarc/subject/3586 850 $aSeMil 852 $aSeMil$W1$xVenegono$y1$m3E IV 140$j135601$B135601$CSeMilBibl$Z2$F147149 $81 996 $6245$aL'ordine francescano attraverso i secoli :$bgeneralità storiche$9(OLS)http://semarc/title/265555 996 $6260$aSoresina :$bTipografia Mariani$9(OLS)http://semarc/publisher/49810